000 01150nam a2200289Ia 4500
005 20170728110338.0
010 _aBAC-EN21 ENG-111926
020 _a9788192072265
_c850.00
035 _aEN-95458
035 _aB-581015-025
035 _aB-667350
037 _bAakar/Ven
_adpl
037 _bDBAD/PUB
082 _a320.954165
100 _a Chandola, Harish
245 _aThe Naga story :
_cby Harish Chandola; translated from Hindi by Raji Narasimhan [and] Harish Chandola
_bfirst armed struggle in India /
260 _c2013
_aNew Delhi
_bChicken Neck
270 _aC-127 Sarvodya Enclave
_bNew Delhi
_e110017
300 _c23cm(Hb)
_a428p. :
_bill.,map
500 _aIncludes index
650 _aNaga (South Asian people)
_zIndia
_zNāgāland
_xPolitics and government.
700 _aNarasimhan, Raji
700 _a Chandola, Harish
942 _cEN
_2ddc
_mCHA
_h320.954165
999 _c88744
_d88744